Elementary guide to fish culture in Nepal /

Bibliographic Details
Main Author: Woynárovich, Elekné
Corporate Author: Food and Agriculture Organization of the United Nations
Format: Book
Language:English
Published: Rome : Food and Agriculture Organization of the United Nations, 1975.
Subjects:

MARC

Tag First Indicator Second Indicator Subfields
LEADER 00000cam a2200000 a 4500
001 in00000076991
005 20151008055018.0
008 760902s1975 it a 00010 eng d
035 |a (OCoLC)02410635 
035 |9 AAJ2318AM 
040 |a KRS  |c KRS  |d OCL  |d m.c.  |d TXA  |d UtOrBLW 
043 |a a-np--- 
049 |a TXAM  |c [1272050] 
090 |a SH107.N4  |b W6 
100 1 |a Woynárovich, Elekné. 
245 1 0 |a Elementary guide to fish culture in Nepal /  |c by Elek Woynarovich. 
264 1 |a Rome :  |b Food and Agriculture Organization of the United Nations,  |c 1975. 
300 |a vii, 131 pages :  |b illustrations ;  |c 28 cm. 
336 |a text  |b txt  |2 rdacontent 
337 |a unmediated  |b n  |2 rdamedia 
338 |a volume  |b nc  |2 rdacarrier 
650 0 |a Fish culture  |z Nepal. 
710 2 |a Food and Agriculture Organization of the United Nations. 
999 |a MARS 
999 f f |s 6f2b98d7-8ec7-3558-9f8f-96df08266535  |i 7f07ebdc-1ee6-3500-b07f-0187854ffa2d  |t 0 
952 f f |p ric  |a Texas A&M University  |b Rellis Campus  |c Joint Library Facility  |d Remote Storage  |t 0  |e SH107.N4 W6  |h Library of Congress classification  |i unmediated -- volume  |m A14806238836 
998 f f |a SH107.N4 W6  |t 0  |l Remote Storage